| 000 | 00800cam a22002653a 4500 | ||
|---|---|---|---|
| 001 | 23593 | ||
| 003 | PGUSA | ||
| 005 | 20140828083513.0 | ||
| 008 | 071122s2007||||xxu|||||s|||||000 | eng d | ||
| 040 |
_aPGUSA _beng |
||
| 042 | _adc | ||
| 050 | 4 | _aN | |
| 100 | 1 |
_aRuskin, John, _d1819-1900 |
|
| 245 | 1 | 0 |
_aLectures on Architecture and Painting : _bDelivered at Edinburgh in November 1853 _h[electronic resource] / _cJohn Ruskin |
| 260 |
_bProject Gutenberg, _c2007 |
||
| 506 | _aPublic domain in the USA. | ||
| 516 | _aElectronic text | ||
| 653 | _aTurner, J. M. W. (Joseph Mallord William), 1775-1851 | ||
| 653 | _aPre-Raphaelitism | ||
| 653 | _aPainting | ||
| 653 | _aArchitecture | ||
| 830 | 0 |
_aProject Gutenberg _v23593 |
|
| 856 | 4 | 0 | _uhttp://www.gutenberg.org/ebooks/23593 |
| 942 | _cEB | ||
| 999 |
_c252848 _d252848 |
||